|
|
|
|
| LEADER |
00000nab a2200000 ar4500 |
| 001 |
vtls010667049 |
| 003 |
SK-MaSNL |
| 005 |
20260303215137.0 |
| 008 |
150414c2015 xo mr|p|||| |000 b|slo |
| 015 |
|
|
|a SNBRB2015/04
|
| 038 |
|
|
|a SPK
|
| 040 |
|
|
|a SPKCL
|b slo
|c AACR2
|e AACR2
|
| 041 |
0 |
|
|a slo
|
| 044 |
|
|
|a xo
|c SK
|
| 072 |
|
7 |
|a 37
|x Výchova a vzdelávanie
|2 konspekt
|
| 072 |
|
7 |
|a 331
|x Práca
|2 konspekt
|
| 080 |
|
|
|a 37.048.4
|2 2001
|
| 080 |
|
|
|a 331.54
|2 2001
|
| 080 |
|
|
|a 001.102
|2 2001
|
| 245 |
0 |
0 |
|a Desatoro k výberu školy a voľbe povolania
|b o čom by mal žiak rozmýšľať pri výbere strednej školy a povolania?
|c [autor] (lupa)
|
| 300 |
|
|
|b Fotogr.
|
| 650 |
0 |
7 |
|a voľba školy
|2 snkbucl
|9 1087428
|
| 650 |
0 |
7 |
|a stredné školy
|2 snkbucl
|9 1279
|
| 650 |
0 |
7 |
|a voľba povolania
|2 snkbucl
|9 2207
|
| 650 |
0 |
7 |
|a žiaci
|2 snkbucl
|9 16621
|
| 650 |
0 |
7 |
|a vyhľadávanie informácií
|2 snkbucl
|9 1528
|
| 773 |
0 |
|
|t Rodina a škola
|g Roč. 63, č. 2 (2015), s. 11
|x 0231-6463
|
| 852 |
|
|
|a SPK
|b KIS3GCP
|
| 999 |
|
|
|c 2220197
|d 2222127
|